Teoría impura del derecho la transformación de la cultura jurídica latinoamericana (Registro nro. 92034)

Detalles MARC
000 -ENCABEZADO
Número de control [NR] 01152nam a22002777a 4500
008 - DE LONGITUD FIJA DE DATOS DE ELEMENTOS - INFORMACIÓN GENERAL
Elementos de longitud fija [NR] 130821s2004 ck a gr spa
020 ## - NUMERO INTERNACIONAL NORMALIZADO PARA LIBROS [R]
Número Internacional Normalizado del libro [NR] 9586533670
040 ## - FUENTE DE CATALOGACION [NR]
Agencia de catalogación original [NR] Co-BoUCM
Idioma de catalogación [NR] spa
Quien Cataloga
Quien Clasifica Aldemar Mondragón (modificó)
041 00 - CODIGO DE IDIOMA [R]
Código de idioma para texto/pista de sonido o título separado [R] Español
100 1# - ASIENTO PRINCIPAL--NOMBRE PERSONAL [NR]
Nombre personal [NR] López Medina, Diego Eduardo
ID Autoridad 31962
245 10 - MENCION DE TITULO [NR]
Título [NR] Teoría impura del derecho la transformación de la cultura jurídica latinoamericana
Mención de responsabilidad, etc. [NR] Diego Eduardo López Medina ; prólogo de Duncan Kennedy
260 ## - PUBLICACION, DISTRIBUCION, ETC. (PIE DE IMPRENTA) [R]
Lugar de publicación, distribución, etc. [R] Bogotá (Colombia)
Nombre del editor, distribuidor, etc. [R] Legis
Fecha de publicación, distribución, etc. [R] 2004
300 ## - DESCRIPCION FISICA [R]
Extensión [R] xxvi, 480 páginas
Otros detalles físicos [NR] ilustraciones, gráficas
600 14 - ASIENTO SECUNDARIO DE MATERIA - NOMBRE PERSONAL [R]
Nombre personal [NR] Kelsen, Hans
Fechas asociadas con el nombre [NR] 1881-1973
Subdivisión general [R] Crítica e interpretación, etc.
9 (RLIN) 31963
650 07 - ASIENTO SECUNDARIO DE MATERIA - TERMINO TEMATICO [R]
Término temático o nombre geográfico como elemento de entrada [NR] Derecho civil
9 (RLIN) 12711
650 07 - ASIENTO SECUNDARIO DE MATERIA - TERMINO TEMATICO [R]
Término temático o nombre geográfico como elemento de entrada [NR] Derecho
Subdivisión general [R] Historia
9 (RLIN) 12854
650 07 - ASIENTO SECUNDARIO DE MATERIA - TERMINO TEMATICO [R]
Término temático o nombre geográfico como elemento de entrada [NR] Filosofía del derecho
9 (RLIN) 15792
650 07 - ASIENTO SECUNDARIO DE MATERIA - TERMINO TEMATICO [R]
Término temático o nombre geográfico como elemento de entrada [NR] Teoría del derecho
9 (RLIN) 25308
690 ## - ASUNTO AGREGADO LOCAL DE ENTRADA - TÉRMINO TEMÁTICO (OCLC, RLIN)
Acceso temático local Filosofía del derecho
9 (RLIN) 15792
690 ## - ASUNTO AGREGADO LOCAL DE ENTRADA - TÉRMINO TEMÁTICO (OCLC, RLIN)
Acceso temático local Teoría del derecho
9 (RLIN) 25308
700 1# - ASIENTO SECUNDARIO - NOMBRE PERSONAL [R]
Nombre personal [NR] Kennedy, Duncan
Término de relación [R] prólogo
9 (RLIN) 154365
710 2# - ASIENTO SECUNDARIO - NOMBRE CORPORATIVO [R]
Nombre corporativo o de jurisdicción como elemento de entrada [NR] Universidad de los Andes
9 (RLIN) 4715
710 2# - ASIENTO SECUNDARIO - NOMBRE CORPORATIVO [R]
Nombre corporativo o de jurisdicción como elemento de entrada [NR] Universidad Nacional de Colombia
9 (RLIN) 3820
942 ## - ELEMENTOS DE ENTRADA AGREGADOS (KOHA)
Tipo de ítem principal el descrito en 300a Libro
Tema principal Derecho
Edición 1
Parte restante de la signatura top. L925t
Sistema de clasificación DEWEY
Clasificación 340.1
Existencias
Fecha de último préstamo Total préstamos Total Renewals Signatura topográfica Código de barras Última vez visto Ejemplar Price effective from Tipo de ítem Perdido Sistema de clasificación Dañado No prestable Tipo de ítem específico Suprimido Ubicación habitual Ubicación actual Localización Fecha de creación Forma de adquisición Costo Costo de reposición Proveedor
07/02/2023 35 12 340.1 L925t 100114039 03/12/2025 Ej.8 03/02/2013 Libro   DEWEY     Libro   Claustro Claustro 3er piso 28/02/2011 Compra 47200.00    
25/04/2026 31 16 340.1 L925t 100110927 22/05/2026 Ej.6 03/02/2013 Libro   DEWEY     Libro   Claustro Claustro 3er piso 28/02/2010 Compra 59000.00    
09/10/2025 51 30 340.1 L925t 100102330 10/06/2026 Ej.9 03/02/2013 Libro   DEWEY     Libro   Claustro Claustro 3er piso 28/02/2010 Compra 50150.00    
28/10/2016 8   340.1 L925t 100067193 10/06/2026 Ej.1 03/02/2013 Libro de reserva   DEWEY     Libro de reserva   Claustro Claustro 3er piso 28/02/2004 Compra 41400.00    
27/10/2025 19 6 340.1 L925t 100133636 03/12/2025 Ej.5 08/03/2013 Libro   DEWEY     Libro   Claustro Claustro 3er piso 08/03/2013 Donación 26000.00    
      340.1 L925t 100164206 09/12/2024 Ej.7 02/10/2019 Libro   DEWEY     Libro   BodegaJK Claustro Préstamo 2 días después de solicitado 02/10/2019 Donación 0.00 26000.00 12
      340.1 L925t 100168994 09/12/2024 Ej.3 24/01/2022 Libro   DEWEY     Libro   BodegaJK Claustro Préstamo 2 días después de solicitado 24/01/2022 Donación 0.00 26000.00